Estudio crt̕ico de la ley de accidentes de trabajo francesa de 9 de abril de 1898

Detalles Bibliográficos
Autor principal: Pic, Paul
Otros Autores: Alzaga Ruiz, Ica̕r (ed. lit)
Formato: Desconocido
Lenguaje:español
Publicado: Madrid : Centro de Estudios Ramn̤ Areces, D.L. 2002
Materias:
Acceso en línea:Acceso restringido

MARC

LEADER 00000ny a22000003n 4500
005 20110531143955.0
008 030305s2002 sp s 000 0 spa c
017 |a D.L. SE.1412-2002 
020 |a 8480045116 
035 |a 252 
040 |a UMA.RE  |d vLex 
040 |a UMA.RLB  |d vLex 
080 |a 331.46:349.243(44)"1898"(094.5.072) 
080 |a 331.46:349.243(460)"1900"(094.5.072) 
080 |a 349.243:331.46(44)"1898"(094.5.072) 
080 |a 349.243:331.46(460)"1900"(094.5.072) 
090 |c 388  |d 388 
100 1 |a Pic, Paul 
245 1 0 |a Estudio crt̕ico de la ley de accidentes de trabajo francesa de 9 de abril de 1898  |h [Recurso electrn̤ico]  |c Paul Pic ; estudio preliminar y traduccin̤ Ica̕r Alzaga Ruiz 
256 |a Servicio en ln̕ea 
260 |a Madrid :  |b Centro de Estudios Ramn̤ Areces,  |c D.L. 2002 
300 |a 126 p. ;  |c 24 cm 
506 1 |a Contenido solo disponible en los productos indicados  |d vLex Global  |d vLex Global (Academic Edition, excluding Law Schools)  |d vLex Global (U.S. Academic Edition, Law Schools)  |d vLex Global (U.S. Academic Edition, excluding Law Schools)  |d vLex Global (Academic Edition, Law Schools) 
650 0 7 |a Accidentes del trabajo  |2 Tesauro vLex 
650 0 7 |a Seguridad social  |2 Tesauro vLex 
700 1 |a Alzaga Ruiz, Ica̕r,  |e ed. lit 
740 0 |a vLex Libros (Servicios en ln̕ea) 
856 4 0 |u http://vlex.com/source/252  |z Acceso restringido 
942 |c BOOK 
999 0 |a Industrial accidents  |b Madrid